| 000 | 00794nam a22002177a 4500 | ||
|---|---|---|---|
| 005 | 20220527123009.0 | ||
| 008 | 220527b ag ||||| |||| 00| 0 spa d | ||
| 020 | _a9789871074600 | ||
| 050 | 0 | 4 |
_aHM19 _bP46 2009 |
| 245 | 0 | 0 |
_aPensadores sociales contemporáneos : _bsociedad, política, comunicación, cultura, democracia _c/ Marta Fernández, compiladora |
| 250 | _a1a ed. | ||
| 260 |
_aBuenos Aires, Argentina : _bEdiciones del Signo, _c2009. |
||
| 300 |
_a204 p. : _c22 cm. |
||
| 650 | 7 |
_2Lemb _aSociología |
|
| 650 | 7 |
_2Lemb _aSociología política |
|
| 700 | 1 |
_aRaquel Barbosa, Susana, _ecolaboradora. |
|
| 700 | 1 |
_aBulcourf, Pablo, _ecolaborador. |
|
| 700 | 1 |
_aMenéndez, Cristina, _ecolaboradora |
|
| 700 | 1 |
_aCruz Vázquez, Juan, _ecolaborador. |
|
| 942 |
_2lcc _cLIB |
||
| 999 |
_c162250 _d162248 |
||